José Antonio, vocación política de nuestro tiempo / (Record no. 99901)

MARC details
000 -LEADER
campo de control de longitud fija 00487nam a2200157 i 4500
001 - NÚMERO DE CONTROL
campo de control 99901
003 - IDENTIFICADOR DE NÚMERO DE CONTROL
campo de control ES-MaACL
005 - FECHA Y HORA DE LA ÚLTIMA TRANSACCIÓN
campo de control 20230906182555.0
007 - CAMPO FIJO DE DESCRIPCIÓN FÍSICA--INFORMACIÓN GENERAL
campo de control de longitud fija t|
008 - DATOS DE LONGITUD FIJA--INFORMACIÓN GENERAL
campo de control de longitud fija 050919s1972 sp ||||1| spa d
100 1# - ENTRADA PRINCIPAL--NOMBRE DE PERSONA
Nombre de persona Martínez Pérez, Juan Antonio.
9 (RLIN) 78330
245 10 - MENCIÓN DEL TÍTULO
Título José Antonio, vocación política de nuestro tiempo /
Mención de responsabilidad, etc. Juan Antonio Martínez Pérez.
260 ## - PUBLICACIÓN, DISTRIBUCIÓN, ETC.
Lugar de publicación, distribución, etc. La Coruña :
Nombre del editor, distribuidor, etc. [s.n.],
Fecha de publicación, distribución, etc. 1972 (
Fabricante Grafinsa)
300 ## - DESCRIPCIÓN FÍSICA
Extensión 210 p. ;
Dimensiones 25 cm.
852 ## - LOCALIZACIÓN
Ubicación ES-MaACL
Número de control de estantería C-43453
Sublocalización o colección R.81005
Holdings
Estatus retirado Estado de pérdida Estado de daño No para préstamo Biblioteca de origen Biblioteca actual Ubicación en estantería Fecha de adquisición Fuente de adquisición Total de préstamos Signatura topográfica completa Código de barras Visto por última vez Precio de reemplazo Tipo de ítem Koha
        Biblioteca del Ateneo de Madrid Biblioteca del Ateneo de Madrid Depósito 2 17/01/2008     C-43453 1104313 23/02/2023 23/02/2023 Libro impreso